| 000 | 00687cam a2200217 4500 | ||
|---|---|---|---|
| 001 | 2295 | ||
| 005 | 20181127164912.0 | ||
| 008 | 840320s1982 nyua 001 0 eng | ||
| 010 | _a 81048531 | ||
| 020 | _a0312071175 (pbk.) | ||
| 245 | 0 | 4 |
_aThe Bedford reader / _c X.J. Kennedy. |
| 260 |
_aNew York : _bSt. Martin's Press, _cc1982. |
||
| 300 |
_axxvii, 589 p. : _bill. ; _c21 cm. |
||
| 500 | _a""A Bedford book."" | ||
| 500 | _aIncludes index. | ||
| 650 | 0 | _aCollege readers. | |
| 650 | 0 |
_aEnglish language _xRhetoric _vProblems, exercises, etc. |
|
| 650 | 0 |
_aReport writing _vProblems, exercises, etc. |
|
| 700 | 1 |
_aKennedy, Dorothy M. _q(Dorothy Mintzlaff) |
|
| 700 | 1 | _aKennedy, X. J. | |
| 999 |
_c1828 _d1828 |
||